Countries in Multiple Continents - Statistics

General Stats
  • This quiz has been taken 532 times
  • The average score is 8 of 10
Answer Stats
Continents Country % Correct
Europe-Asia Russia
97%
Europe-Asia Turkey
95%
Africa-Asia Egypt
86%
N. America-Oceania United States
81%
Europe-Africa Spain
78%
Europe-Asia Georgia
77%
S. America-Oceania Chile
69%
Europe-Asia Azerbaijan
67%
4 Continents France
67%
Europe-Asia Kazakhstan
52%
No matching quizzes found
Score Distribution
Percent of People with Each Score
Percentile by Number Answered
Your Score History
You have not taken this quiz